Poisson Japonais - Statistiques

Statistiques générales
  • Ce quiz a été pris 14 fois
  • Le résultat moyen est 7 sur 20
Statistiques - réponses
Hint Réponse % Correct
calmar ika
100%
thon maguro
100%
maquereau saba
100%
chinchard aji
50%
coquillage kai
50%
crabe kani
50%
bonite katsuo
50%
saumon sake
50%
maquereau-pike (saury) sanma
50%
daurade tai
50%
anguille de mer anago
0%
sériole (yellowtail) buri
0%
seriole jaune hamachi
0%
flet hirame
0%
coquille saint jacques hotate
0%
sardine iwashi
0%
plie karei
0%
éperlan japonais kisu
0%
seiche koika
0%
morue tara
0%
Aucun quiz correspondant
Distribution des résultats
% des personnes avec chaque résultat
Percentile par nombre de réponses
Votre historique - résultats
Vous n’avez pas pris ce quiz